Aktuální hlediska výuky urbanismu a územního plánování.

Nové aspekty vo výuke urbanistickej filozofie, usporiadaní ľudských sídiel a krajiny (ekologické a kultúrno-historické). Úvahy o podiele exaktnosti a vedeckosti v procese výuky v oblasti urbanizmu a územného plánovania. Príprava špecialistov na nové podmienky.

Salvato in:
Dettagli Bibliografici
Autore principale: Hexner, Michal
Natura: Capitolo di libro
Lingua:ceco
Soggetti:
Tags: Aggiungi Tag
Nessun Tag, puoi essere il primo ad aggiungerne!!

MARC

LEADER 00000naa a2200000 4500
001 r005734
005 20220819180658.4
041 0 |a cze 
044 |a [CS] 
245 1 0 |a Aktuální hlediska výuky urbanismu a územního plánování.  |c M. Hexner 
520 |a Nové aspekty vo výuke urbanistickej filozofie, usporiadaní ľudských sídiel a krajiny (ekologické a kultúrno-historické). Úvahy o podiele exaktnosti a vedeckosti v procese výuky v oblasti urbanizmu a územného plánovania. Príprava špecialistov na nové podmienky. 
610 2 0 |a plánovanie územné 
610 2 0 |a urbanizmus 
610 2 0 |a vyučovanie 
610 2 0 |a ekológia 
610 2 0 |a pracovníci odborní 
100 1 |a Hexner, Michal